Chile main cities - Statistics

General Stats
  • This quiz has been taken 34 times
  • The average score is 14 of 25
Answer Stats
Answer Population % Correct
Santiago 7 116 706
100%
Valparaiso 1 054 253
100%
Antofagasta 441 211
87%
Concepcion 1 036 142
87%
Arica 255 195
80%
Puerto Montt 328 924
80%
Iquique 370 877
77%
Talca 307 931
73%
Temuco 392 794
67%
La Serena 534 239
63%
Calama 195 423
60%
Copiapo 175 240
57%
Punta Arenas 148 391
57%
Valdivia 180 848
57%
Rancagua 335 932
47%
Chillan 238 002
43%
Los Angeles 222 593
43%
Osorno 175 670
43%
Curico 169 681
37%
Colina 193 594
20%
Melipilla 147 275
20%
Ovalle 123 724
20%
San Antonio 137 277
20%
Lampa 139 266
7%
Quillota 181 330
7%
No matching quizzes found
Score Distribution
Percent of People with Each Score
Percentile by Number Answered
Your Score History
You have not taken this quiz